Statistics for U.S. Sights by Picture

Click here to take the quiz!

General Stats

  • This quiz has been taken 79 times
  • The average score is 13 of 24

Answer Stats

Answer% Correct
Mount {Rushmore}
100%
{Golden} {Gate} Bridge
97%
{Niagara} Falls
93%
Empire State Building
87%
{Liberty} Bell
85%
Seattle
85%
Disneyland
78%
U.S. Capitol
76%
Washington Monument
69%
{Grand} {Central} Terminal
60%
The Alamo
60%
Denali
59%
Lake {Tahoe}
46%
{Santa} {Monica} Pier
46%
Bellagio
41%
Monument Valley
38%
{Arches} National Park
35%
State of {Hawaii}
34%
Devils Tower
32%
{Grand} {Teton} National Park
25%
Boston
24%
{Horseshoe} Bend
24%
{White} {Sands}
National Monument
24%
{Acadia} National Park
18%

Score Distribution

Percentile by Number Answered

Percent of People with Each Score

Your Score History

You have not taken this quiz